German ideology : from France to Germany and back
Αποθηκεύτηκε σε:
| Κύριος συγγραφέας: | |
|---|---|
| Μορφή: | Βιβλίο |
| Γλώσσα: | English French |
| Δημοσίευση: |
Chicago :
University of Chicago Press,
1994.
|
| Θέματα: | |
| Ετικέτες: |
Προσθήκη ετικέτας
Δεν υπάρχουν, Καταχωρήστε ετικέτα πρώτοι!
|
MARC
| LEADER | 00000cam a2200000 i 4500 | ||
|---|---|---|---|
| 001 | 1/9887 | ||
| 008 | 970403s1994 ilu| ||| |||| ||eng|| | ||
| 020 | |a 0226169529 | ||
| 035 | |l 10017651 | ||
| 040 | |a GR-MyUA |b gre |e AACR2 | ||
| 041 | 1 | |a eng |h fre | |
| 082 | 0 | |a 302.5 | |
| 100 | 1 | |a Dumont, Louis, |d 1911-1998. | |
| 245 | 1 | 0 | |a German ideology : |b from France to Germany and back / |c Louis Dumont. |
| 260 | |a Chicago : |b University of Chicago Press, |c 1994. | ||
| 300 | |a 250 σ. | ||
| 500 | |a Τίτλος πρωτοτύπου: Homo Aequalis II: L'Ideologie allemande, France-Allemagne et retour. | ||
| 504 | |a Περιέχει βιβλιογραφικές αναφορές και ευρετήριο. | ||
| 650 | 0 | 0 | |a Social values |z Germany |x History. |
| 650 | 0 | 0 | |a Social values |z France |x History. |
| 650 | 0 | 0 | |a Ideology |z Germany |x History. |
| 650 | 0 | 0 | |a Ideology |z France |x History. |
| 650 | 0 | 0 | |a Individualism. |
| 650 | 0 | 0 | |a Holism. |
| 852 | |a INST |b LESVOS |e 19970403 |h 302.5 DUM |p 005100011611 |q 005100011611 |t BK |y 0 | ||
| 909 | |a Λ |b 049512 | ||